NFL Animal Team Names - Sudden Death - Statistics

General Stats
  • This quiz has been taken 236 times
    233 since last reset
  • The average score is 12 of 14
Answers on the Grid
Answers color-coded by a green-red scale on the quiz's grid according to % correct below.
Anacondas
Bears
Bengals
Bloodhounds
Broncos
Bulls
Buzzards
Cardinals
Cobras
Colts
Dolphins
Dragons
Eagles
Falcons
Gorillas
Hammerheads
Hornets
Jaguars
Leopards
Lions
Mallards
Orcas
Panthers
Penguins
Prairie Dogs
Rams
Ravens
Roosters
Seahawks
Sparrows
Tarantulas
Wolverines
 
Answer Stats
Answer % Correct
Bears
94%
Bengals
93%
Broncos
91%
Dolphins
86%
Eagles
84%
Falcons
84%
Cardinals
83%
Panthers
83%
Rams
83%
Jaguars
82%
Ravens
82%
Seahawks
82%
Colts
81%
Lions
80%
No matching quizzes found
Score Distribution
Percent of People with Each Score
Percentile by Number Answered
Your Score History
You have not taken this quiz since the last reset